[Základy balenia tovaru]

Recenzia na publikáciu, ktorá poskytuje informácie, ktoré sa týkajú všetkých častí "života obalu", počnúc odpoveďami na všeobecné otázky obalovej techniky cez obalové prostriedky a proces balenia, končiac nakladaním s obalovou technikou vrátane ekologickej bilncie.

Gespeichert in:
Bibliographische Detailangaben
1. Verfasser: Kajánková, Katarína
Format: Buchkapitel
Sprache:Slowakisch
Schlagworte:
Tags: Tag hinzufügen
Keine Tags, Fügen Sie das erste Tag hinzu!

MARC

LEADER 00000naa$a2200000$$$4500
001 0104440
005 20231120132556.2
041 0 |a slo 
044 |a SK 
245 1 0 |a [Základy balenia tovaru]  |c Katarína Kajánková 
520 |a Recenzia na publikáciu, ktorá poskytuje informácie, ktoré sa týkajú všetkých častí "života obalu", počnúc odpoveďami na všeobecné otázky obalovej techniky cez obalové prostriedky a proces balenia, končiac nakladaním s obalovou technikou vrátane ekologickej bilncie. 
610 2 0 |a recenzie 
610 2 0 |a balenie 
610 2 0 |a technika obalová 
610 2 0 |a kvalita tovaru 
100 1 |a Kajánková, Katarína